Normal view
MARC view
- GLEISER, MOLLY,ELLIOTT, JOHN F
Entry Personal Name
001 - CONTROL NUMBER
- control field: 58421
003 - CONTROL NUMBER IDENTIFIER
- control field: NUST
005 - DATE AND TIME OF LATEST TRANSACTION
- control field: 20210628202135.0
008 - FIXED-LENGTH DATA ELEMENTS
- fixed length control field: 210628|| aca||aabn | a|a d
040 ## - CATALOGING SOURCE
- Original cataloging agency: NUST
- Transcribing agency: NUST
100 ## - HEADING--PERSONAL NAME
- Personal name: GLEISER, MOLLY,ELLIOTT, JOHN F
670 ## - SOURCE DATA FOUND
- Source citation: Work cat.: (NUST): GLEISER, MOLLY,ELLIOTT, JOHN F, THERMODYNAMICS FOR STEEL MAKING THERMODYNAMICS AND TRANSPORT PROPERTIES, 1963
